トヨタvs.GM21世紀への対決

Tallennettuna:
Bibliografiset tiedot
Päätekijä: 金子昭三(かねこ しょうぞう)
Aineistotyyppi: Kirja
Kieli:Undetermined
Julkaistu: 東京 日本実業出版社 1986
Aiheet:
Tagit: Lisää tagi
Ei tageja, Lisää ensimmäinen tagi!
Thư viện lưu trữ: Trung tâm Học liệu Trường Đại học Cần Thơ
LEADER 00546nam a2200181Ia 4500
001 CTU_87696
008 210402s9999 xx 000 0 und d
082 |a 338.4 
082 |b K16 
100 |a 金子昭三(かねこ しょうぞう) 
245 0 |a トヨタvs.GM21世紀への対決 
245 0 |c 金子昭三 
260 |a 東京 
260 |b 日本実業出版社 
260 |c 1986 
650 |a Automobile industry,Automobile industry,自動車産業 
904 |i Ngoc 
980 |a Trung tâm Học liệu Trường Đại học Cần Thơ